| 000 | 01335nam a2200313 a 4500 | ||
|---|---|---|---|
| 001 | BRCA_3136 | ||
| 005 | 20190320204129.0 | ||
| 008 | 050209s1866----fr-a---###---#000-0dfre-u | ||
| 041 | _afre | ||
| 044 | _afr | ||
| 084 |
_a439 _b.J68 1866 |
||
| 100 | 1 |
_aCervantes Saavedra, Miguel de _d1547-1616 _9213 |
|
| 245 | 1 | 0 |
_aL´Ingénieux Chevalier Don Quichotte de la Manche _cpar Miguel de Cervantes Saavedra. |
| 260 |
_aParís _bFurne Jouvent _c1866 |
||
| 300 |
_a1 v. (en varias paginaciones) _bil. _c23 cm. |
||
| 500 | _aContenido : Primera parte. Retrato de Cervantes. Vida de Cervantes por el traductor. Notas. Prólogo del autor. Texto. Segunda parte. Prólogo del autor. Texto | ||
| 500 | _aEdición : Traduction nouvelle par Furne | ||
| 500 | _aReproducción de la edición de 1858 del propio editor, con el retrato de Cervantes y los mismos dibujos. Semipiel Lúdovik Osterc | ||
| 500 | _aQM364 | ||
| 546 | _aTexto en : francés | ||
| 650 | 1 | 4 |
_aNovela española _yÉpoca clásica, 1500-1700 _9215 |
| 650 | 1 | 4 |
_aLiteratura española _yÉpoca clásica, 1500-1700 _9216 |
| 650 | 1 | 4 |
_aNovela española _ySiglo XVII _9217 |
| 650 | 1 | 4 |
_aDon Quijote (Personaje ficticio) _eNovela _9218 |
| 700 | 1 |
_aFourne, Ortaire _eTraductor _98497 |
|
| 740 | 0 | _aEl Ingenioso Hidalgo Don Quijote de la Mancha | |
| 902 | _aQFM | ||
| 942 |
_2lcc _cB |
||
| 999 |
_c2872 _d2872 |
||